01701nam a22002177a 450000500170000000800410001702000180005804000070007604100120008308200230009510000290011824500590014726000440020630000310025036500530028152010780033465000130141265000150142570000200144070000230146020240801103511.0240730b ||||| |||| 00| 0 eng d a9788119792207 cAL aEnglish 223a658.4092bWILL aDave Williams and others aLeadership Moments from Nasa: Achieving the Impossible aAhmedabadbJaico Publishing Housec2021 axv,310 p.bPBc22.7x15 cm. a2488b₹479.00c₹d₹599.00e20%f17-07-2024 aThe NASA way: lessons on leadership, teamwork and corporate culture. How does NASA take on seemingly insurmountable challenges, recover from tragedy and continue to attract the best and brightest talent? Space exploration is as much a story of leadership and teamwork as it is a story of exploration and discovery. Leadership Moments from NASA delves into the culture of the famed organization and examines the leadership styles and insights of NASA senior executives spanning five decades of human spaceflight to share the lessons they learned from critical moments. How did they prioritize? How did they resolve differences? How did they decide what to do when no one had done it before? How did they build highly competent teams? How did they build organizational resilience? How did they fight complacency and rebuild a culture of safety and innovation? Through the use of NASA oral histories and interviews, this book shows how NASA recovered from tragedy and adversity, and how it developed a culture of competency that continues to attract the best and brightest. aBusiness aLeadership aWILLIAMS (Dave) aHOWELL (Elizabeth)